Score 0/5 Timer 01:30
0 Plays Today
President % Correct
Thomas Woodrow Wilson
66.8%
Hiram Ulysses Grant
63.3%
John Calvin Coolidge, Jr.
57.9%
Stephen Grover Cleveland
53.3%
David Dwight Eisenhower
46.5%

You're not logged in!

Compare scores with friends on all Sporcle quizzes.
OR
Log In

Sporcle TV

Today on Sporcle TV


Watch our educational content, quiz creation guides, and fun videos on Sporcle TV.

Show Comments

Extras

Top Quizzes Today


Score Distribution

Paid Content

Your Account Isn't Verified!

In order to create a playlist on Sporcle, you need to verify the email address you used during registration. Go to your Sporcle Settings to finish the process.

Report this User

Report this user for behavior that violates our Community Guidelines.

Details: